Villes espagnoles en espagnol - Statistiques

Statistiques générales
  • Ce quiz a été pris 263 fois
  • Le résultat moyen est 9 sur 12
Statistiques - réponses
Ville en français Et en espagnol % Correct
Séville Sevilla
100%
Barcelone Barcelona
99%
Valence Valencia
98%
Murcie Murcia
89%
Cordoue Córdoba
77%
Grenada Granada
75%
Salamanque Salamanca
74%
Cadix Cádiz
62%
Carthagène Cartagena
59%
La Corogne La Coruña
50%
Saragosse Zaragoza
50%
Pampelune Pamplona
44%
Aucun quiz correspondant
Distribution des résultats
% des personnes avec chaque résultat
Percentile par nombre de réponses
Votre historique - résultats
Vous n’avez pas pris ce quiz